000 01021cam a2200301 a 4500
999 _c10551
_d10551
003 OSt
005 20220404164146.0
008 030625m20029999gw a bc 001 0deng d
010 _a 2003536571
_z 2006274567
020 _a9783791332598 (v. 6)
035 _a(OCoLC)ocm52498620
040 _aZNC
_cZNC
_dDLC
042 _alccopycat
043 _ae-uk---
050 0 0 _aNA997.F65
_bA4 2002
082 0 0 _a720/.92
_222
100 1 _aFoster, Norman,
_d1935-
240 1 0 _aWorks.
_d2002
245 1 0 _aWorks /
_cNorman Foster ; editor, David Jenkins ; contributors, Chris Abel ... [et al.]
260 _aMunich :
_aNew York :
_bPrestel,
_cc2002-<c2013>
300 _av. <1-4, 6 > :
_bill. (some col.) ;
_c30 cm.
504 _aIncludes bibliographical references and indexes.
600 1 0 _aFoster, Norman,
_d1935-
_vCatalogues raisonnés.
650 0 _aArchitecture
_zGreat Britain
_xHistory
_y20th century
_vCatalogs.
700 1 _aFoster, Norman,
_d1935-
700 1 _aJenkins, David,
_d1957 September 25-
942 _2ddc